{"text_format":"3","workbook":"xls","n_sheets":2,"sheets":["Sheet2","Sheet3"],"read":"whole","date_system":"1900","formulas":"cached_only"}

{"sheet":"Sheet2","index":0,"n_rows":19,"n_cols":10,"rows_kept":19,"merged":[[0,0,0,5],[13,0,13,4],[14,0,14,1],[14,2,14,5]],"flags":["formulas_cached_only"]}
[" 州国投公司178-182号资产维修工程量清单"]
["序号","项   目","单 位","数 量","单价 ","小计"]
[1,"外围跳架",{"$nulls":3},{"v":350,"d":"350.00"}]
[2,"拆除原长条彩钢装饰条",{"$nulls":3},{"v":300,"d":"300.00"}]
[3,"底面安装轻钢龙骨架","㎡",40,{"v":60,"d":"60.00"},{"v":2400,"d":"2400.00"}]
[4,"底面安装石膏板吊顶","㎡",40,{"v":60,"d":"60.00"},{"v":2400,"d":"2400.00"}]
[5,"外围立面焊（4*4）镀锌管架子","㎡",40,{"v":100,"d":"100.00"},{"v":4000,"d":"4000.00"}]
[6,"外围立面贴专用外墙加厚铝塑板","㎡",40,{"v":150,"d":"150.00"},{"v":6000,"d":"6000.00"},"  "]
[7,"顶面安装彩钢瓦雨棚","㎡",22,{"v":80,"d":"80.00"},{"v":1760,"d":"1760.00"}]
[8,"吊顶面刮底料","㎡",40,{"v":20,"d":"20.00"},{"v":800,"d":"800.00"}]
[9,"吊顶面抹光，刷乳胶漆","㎡",40,{"v":20,"d":"20.00"},{"v":800,"d":"800.00"}]
[10,"安装排水管及固定网线",{"$nulls":3},{"v":650,"d":"650.00"}]
[11,"清扫卫生及转运垃圾",{"$nulls":3},{"v":450,"d":"450.00"}]
["       合计",{"$nulls":4},{"v":19910,"d":"19910.00"}]
[{"$nulls":7},"                                                                                      "]
[{"$nulls":5}," "]
[{"$nulls":5}," "]
[]
[{"$nulls":9},"                                                                                                                                                                        "]

{"sheet":"Sheet3","index":1,"n_rows":0,"n_cols":0,"rows_kept":0,"flags":["formulas_cached_only"]}